Green Belts - a celebration (Record no. 75382)
[ view plain ]
| 000 -LEADER | |
|---|---|
| fixed length control field | 00937cab a2200181 4500 |
| 001 - CONTROL NUMBER | |
| control field | L129995 |
| 008 - FIXED-LENGTH DATA ELEMENTS--GENERAL INFORMATION | |
| fixed length control field | 050613n2005 000 0 eng u |
| 035 ## - SYSTEM CONTROL NUMBER | |
| System control number | (Sirsi) u129995 |
| 041 ## - LANGUAGE CODE | |
| Language code of text/sound track or separate title | eng |
| 100 ## - MAIN ENTRY--PERSONAL NAME | |
| Personal name | Hunt, Tristram |
| 245 ## - TITLE STATEMENT | |
| Title | Green Belts - a celebration |
| 260 ## - PUBLICATION, DISTRIBUTION, ETC. | |
| Date of publication, distribution, etc. | 2005 |
| 490 ## - SERIES STATEMENT | |
| Series statement | Countryside Voice |
| Volume/sequential designation | Summer 2005, 42-45(3) |
| 520 ## - SUMMARY, ETC. | |
| Summary, etc. | Provides a brief history of green belts from Ebenezer Howard and the Garden City movement, to present day. Considers the green belt system, encircling English cities and establishing boundaries between rural and urban, to have been a successful planning template. Describes the numerous assaults on the green belts across England since their inception and makes a plea for preserving them as much for the benefit of the cities as the countryside. Maps show the locations of England's green belts. |
| 590 ## - LOCAL NOTE (RLIN) | |
| Local note | IKA040705 |
| 690 ## - LOCAL SUBJECT ADDED ENTRY--TOPICAL TERM (OCLC, RLIN) | |
| Topical term or geographic name as entry element | Planning and development |
| 9 (RLIN) | 6259 |
| 942 ## - ADDED ENTRY ELEMENTS (KOHA) | |
| Suppress in OPAC | 0 |
| Withdrawn status | Lost status | Source of classification or shelving scheme | Damaged status | Not for loan | Home library | Current library | Shelving location | Date acquired | Total Checkouts | Full call number | Barcode | Date last seen | Copy number | Price effective from | Koha item type |
|---|---|---|---|---|---|---|---|---|---|---|---|---|---|---|---|
| Dewey Decimal Classification | London | London | Journal article | 13/06/2005 | L129995 | 129995-1001 | 06/08/2019 | 1 | 06/08/2019 | Journal article |